Cities by Letter and Picture-G - Statistics

General Stats
  • This quiz has been taken 29 times
  • The average score is 6 of 12
Answer Stats
Picture Hint Answer % Correct
Asia Guangzhou
92%
Europe Glasgow
76%
South America Guayaquil
56%
Europe Gdansk
52%
Oceania Gold Coast
52%
North America Guadalajara
48%
North America Guatemala City
48%
Europe Geneva
44%
Asia Gaza City
32%
South America Georgetown
32%
North America Greensboro
32%
North America Green Bay
8%
No matching quizzes found
Score Distribution
Percent of People with Each Score
Percentile by Number Answered
Your Score History
You have not taken this quiz